同一事業者の隣接駅が5つ以上ある駅 - Statistics

General Stats
  • This quiz has been taken 293 times
  • The average score is 25 of 38
Answer Stats
事業者 隣接駅 % Correct
JR東日本 東京 有楽町、神田、新日本橋、八丁堀、上野
97%
JR東日本 仙台 長町、東仙台、あおば通、榴ケ岡、東照宮、白石蔵王、古川
94%
JR東日本 大宮 さいたま新都心、土呂、北与野、宮原、日進、上野、小山、熊谷
92%
JR東日本 高崎 倉賀野、高崎問屋町、北高崎、本庄早稲田、上毛高原、安中榛名
89%
JR東日本 福島 南福島、東福島、笹木野、郡山、白石蔵王
88%
JR東日本 郡山 安積永盛、日和田、舞木、郡山富田、新白河、福島
88%
JR東日本 宇都宮 雀宮、岡本、鶴田、小山、那須塩原
88%
JR東日本 盛岡 仙北町、上盛岡、前潟、新花巻、いわて沼宮内
86%
JR東海 名古屋 尾頭橋、枇杷島、金山、八田、三河安城、岐阜羽島
86%
JR東日本 小山 間々田、小金井、思川、小田林、大宮、宇都宮
83%
JR西日本 岡山 西川原、北長瀬、大元、法界院、備前三門、相生、新倉敷
80%
JR西日本 広島 天神川、新白島、矢賀、東広島、新岩国
79%
JR東海 豊橋 二川、西小坂井、船町、浜松、三河安城
76%
東京メトロ 大手町 東京、淡路町、竹橋、日本橋、二重橋前、新御茶ノ水、神保町、三越前
76%
JR九州 熊本 上熊本、西熊本、平成、新玉名、新八代
75%
JR東日本 北上 六原、村崎野、柳原、水沢江刺、新花巻
74%
JR東日本 一ノ関 有壁、山ノ目、真滝、くりこま高原、水沢江刺
74%
JR西日本 姫路 東姫路、英賀保、京口、播磨高岡、西明石、相生
73%
JR西日本 福山 東福山、備後赤坂、備後本庄、新倉敷、新尾道
70%
JR西日本 新山口 四辻、嘉川、周防下郷、上嘉川、徳山、厚狭
70%
JR九州 久留米 肥前旭、荒木、久留米高校前、新鳥栖、筑後船小屋
66%
JR東日本 赤羽 東十条、川口、尾久、十条、北赤羽
65%
JR西日本 三原 糸崎、本郷、須波、新尾道、東広島
64%
JR東日本 西船橋 下総中山、船橋、船橋法典、市川塩浜、南船橋
62%
JR西日本 相生 竜野、有年、西相生、姫路、岡山
62%
東京メトロ 飯田橋 神楽坂、九段下、江戸川橋、市ケ谷、後楽園
61%
JR西日本 厚狭 小野田、埴生、湯ノ峠、新山口、新下関
52%
東京メトロ 永田町 麴町、桜田門、青山一丁目、半蔵門、溜池山王、四ツ谷
49%
JR東日本 拝島 昭島、牛浜、熊川、小宮、東福生
48%
東京メトロ 銀座 新橋、京橋、霞ケ関、東京、日比谷、東銀座
48%
東京メトロ 表参道 渋谷、外苑前、青山一丁目、明治神宮前、乃木坂
47%
OsakaMetro なんば(難波) 心斎橋、大国町、四ツ橋、桜川、日本橋
38%
JR九州 諫早 東諫早、西諫早、岩松、新大村、長崎
34%
OsakaMetro 本町 梅田、心斎橋、西梅田、四ツ橋、阿波座、堺筋本町
31%
JR東日本 越後湯沢 岩原スキー場前、石打、ガーラ湯沢、上毛高原、浦佐
28%
JR東日本 鶴見 川崎、新子安、新川崎、羽沢横浜国大、国道
26%
札幌市交 大通 さっぽろ、すすきの、豊水すすきの、西11丁目、バスセンター前
25%
近鉄 生駒 石切、東生駒、新石切、白庭台、菜畑
17%
No matching quizzes found
Score Distribution
Percent of People with Each Score
Percentile by Number Answered
Your Score History
You have not taken this quiz